| 000 | 00882nam a22002297a 4500 | ||
|---|---|---|---|
| 999 |
_c4902 _d4902 |
||
| 003 | AR-CdUCM | ||
| 008 | 190311b ||||| |||| 00| 0 spa d | ||
| 040 |
_aMUNICIPALIDAD PROVINCIAL DEL CUSCO _cBIBLIOTECA MUNICIPAL DEL CUSCO |
||
| 082 |
_a371.31 / _bA42 |
||
| 100 |
_aAlomar, Gabriel _915066 |
||
| 245 |
_aLa formación de sí mismo : _bel diálogo entre la vida y los libros / |
||
| 260 |
_aMadrid : _bMendizabal, _c1993. |
||
| 300 |
_a265 páginas ; _c17 cm. |
||
| 505 | _aNormas de autodidáctica -- El sentido de civilización -- El sentido de aristocracia -- la dictadura de la inteligencia. -- El sentido histórico -- Ejes de la historia. | ||
| 650 |
_aAutodidáctica. _915067 |
||
| 650 |
_aInteligencia. _91764 |
||
| 650 |
_aSentido de historia. _915068 |
||
| 650 |
_aGuerra e historia. _915069 |
||
| 650 |
_aPatriotismo. _91254 |
||
| 942 |
_2ddc _cLIBROS |
||
| 945 | _awfj | ||